<?xml version="1.0" encoding="UTF-8"?>
<record
    xmlns:xsi="http://www.w3.org/2001/XMLSchema-instance"
    xsi:schemaLocation="http://www.loc.gov/MARC21/slim http://www.loc.gov/standards/marcxml/schema/MARC21slim.xsd"
    xmlns="http://www.loc.gov/MARC21/slim">

  <leader>01303    a2200217   4500</leader>
  <controlfield tag="001">53997</controlfield>
  <controlfield tag="005">20260407155810.0</controlfield>
  <controlfield tag="008">260407a1952    arg                 spa d</controlfield>
  <controlfield tag="003">AR-UNSa-BCEJYS</controlfield>
  <datafield tag="040" ind1=" " ind2=" ">
    <subfield code="a">AR-UNSa-BCEJYS</subfield>
    <subfield code="b">spa</subfield>
    <subfield code="c">AR-UNSa-BCEJYS</subfield>
  </datafield>
  <datafield tag="080" ind1=" " ind2=" ">
    <subfield code="a">001.8</subfield>
    <subfield code="x">Metodolog&#xED;a. Estudio general del m&#xE9;todo. Procedimientos cient&#xED;ficos y t&#xE9;cnicos para el estudio, La investigaci&#xF3;n y la discusi&#xF3;n</subfield>
  </datafield>
  <datafield tag="245" ind1="1" ind2="0">
    <subfield code="a">Metodolog&#xED;a de la ciencia econ&#xF3;mica</subfield>
    <subfield code="p">el conflicto tradicional entre los m&#xE9;todos y su renovaci&#xF3;n</subfield>
  </datafield>
  <datafield tag="264" ind1=" " ind2="1">
    <subfield code="a">M&#xE9;xico :</subfield>
    <subfield code="b">El Ateneo</subfield>
    <subfield code="c">1952</subfield>
  </datafield>
  <datafield tag="300" ind1=" " ind2=" ">
    <subfield code="a">214 p.</subfield>
    <subfield code="c">20 cm.</subfield>
  </datafield>
  <datafield tag="505" ind1=" " ind2=" ">
    <subfield code="a">Primera parte: El conflicto tradicional entre m&#xE9;todos - 1. La actitud de las escuelas con respecto al conflicto entre m&#xE9;todos.La oposici&#xF3;n entre cl&#xE1;sicos e historicistas - 2. El resultado del conflicto entre los m&#xE9;todos.La conciliaci&#xF3;n de los cl&#xE1;sicos con los historicistas - Segunda parte: La renovaci&#xF3;n del conflicto tradicional - 1. La nueva actitud de las escuelas con respecto al conflicto entre los m&#xE9;todos.La oposici&#xF3;n entre el m&#xE9;todo abstracto y el m&#xE9;todo concreto - 2. La uni&#xF3;n entre m&#xE9;todos abstarctos y concretos</subfield>
  </datafield>
  <datafield tag="942" ind1=" " ind2=" ">
    <subfield code="c">BK</subfield>
  </datafield>
  <datafield tag="590" ind1=" " ind2=" ">
    <subfield code="a">niveau_biblio:m niveau_hierar:0</subfield>
  </datafield>
  <datafield tag="100" ind1="1" ind2=" ">
    <subfield code="a">Marchal, Andr&#xE9;</subfield>
  </datafield>
  <datafield tag="700" ind1="1" ind2=" ">
    <subfield code="a">Dimitriu, Constantino</subfield>
  </datafield>
  <datafield tag="700" ind1="1" ind2=" ">
    <subfield code="a">Mancini, Luis J.</subfield>
  </datafield>
  <datafield tag="999" ind1=" " ind2=" ">
    <subfield code="c">5317</subfield>
    <subfield code="d">5317</subfield>
  </datafield>
  <datafield tag="952" ind1=" " ind2=" ">
    <subfield code="0">0</subfield>
    <subfield code="1">0</subfield>
    <subfield code="4">0</subfield>
    <subfield code="7">0</subfield>
    <subfield code="a">BCEJYS</subfield>
    <subfield code="b">BCEJYS</subfield>
    <subfield code="c">16</subfield>
    <subfield code="d">2026-04-07</subfield>
    <subfield code="l">0</subfield>
    <subfield code="o">001.8 M315</subfield>
    <subfield code="p">L20559</subfield>
    <subfield code="r">2026-04-07 15:58:10</subfield>
    <subfield code="w">2026-04-07</subfield>
    <subfield code="y">L</subfield>
  </datafield>
</record>
